Safeware / System Safety and Computers: A Guide to Preventing Accidents and Losses Caused by Technology (Record no. 2948)
[ view plain ]
| 000 -LEADER | |
|---|---|
| fixed length control field | 01721cam a22001934a 4500 |
| 005 - ΗΜΕΡΟΜΗΝΙΑ ΚΑΙ ΩΡΑ ΤΕΛΕΥΤΑΙΑΣ ΕΝΗΜΕΡΩΣΗΣ | |
| Πεδίο ελέγχου | 20250605164058.0 |
| 008 - FIXED-LENGTH DATA ELEMENTS--GENERAL INFORMATION | |
| Πεδίο ελέγχου σταθερού μήκους | 250528s ||||||||||||||||||||||||d |
| 035 ## - SYSTEM CONTROL NUMBER | |
| System control number | 17541 |
| 020 ## - ISBN | |
| ISBN | 201119722 |
| 040 ## - ΠΗΓΗ ΚΑΤΑΛΟΓΟΓΡΑΦΗΣΗΣ | |
| Φορέας πρωτότυπης καταλογογράφησης | MC Athens Campus Library |
| Γλώσσα καταλογογράφησης | Ελληνικά, Μοντέρνα (1453-) |
| Modifying agency | MC Athens Campus Library |
| Κανόνες περιγραφικής καταλογογράφησης | AACR2 |
| 245 1# - ΤΙΤΛΟΣ ΚΑΙ ΔΗΛΩΣΗ ΥΠΕΥΘΥΝΟΤΗΤΑΣ | |
| Τίτλος | Safeware / System Safety and Computers: A Guide to Preventing Accidents and Losses Caused by Technology |
| 260 ## - PUBLICATION, DISTRIBUTION, ETC. | |
| Name of publisher, distributor, etc. | Addison-Wesley Publishing Company, |
| Date of publication, distribution, etc. | 1995 |
| 300 ## - PHYSICAL DESCRIPTION | |
| Extent | 684 |
| 520 ## - SUMMARY, ETC. | |
| Summary, etc. | The writer in this book examines what is currently known about building safe electromechanical systems and looks at past accidents to see what practical lessons can be applied to new computer-controlled systems. Preface, The Nature of Risk, Risk in Modern Society, Computers and Risk, A Hierarchical View of Accidents, Root Causes of Accidents, Human Error and Risk, The Role of Human in Automated Systems, Introduction to System Safety, Foundations of System Safety, Fundamental of System Safety, Definitions of System Safety, Definitions and Models, Terminology, Accident and Human Error Models, Elements of a Safeware Program, Managing Safety, The System and Software Safety Process, Hazard Analysis, Hazard Analysis, Hazard Analysis Models and Techniques, Software Hazard and Requirements, Analysis, Designing for Safety, Design of the Human-Machine Interface, Verification of Safety, Epilogue: The Way Forward, Appendices, Medical Devices: The Therac-25 Story, Aerospace: Appolo 13 and the DC-10 and Challenger, The Chemical Industry: Seveso and Flixborough and Bhopal, Nuclear Power: Windscale and Three Mile Island and Chernobyl, References, Credits, Index. |
| 700 1# - ΠΡΟΣΘΕΤΗ ΑΝΑΓΡΑΦΗ--ΦΥΣΙΚΟ ΠΡΟΣΩΠΟ | |
| Personal name | Leveson G. Nancy |
| 9 (RLIN) | 3687 |
| 942 ## - ADDED ENTRY ELEMENTS (KOHA) | |
| Koha item type | Books |
| Τύπος τεκμηρίου | Βιβλιοθήκη | Τρέχουσα τοποθεσία | Barcode | Αριθμός εισαγωγής | Ημερομηνία απόκτησης | Ταξιθετικό σύμβολο | Αριθμός αντιτύπου | Κατάσταση απόσυρσης | Κατάσταση χαμένου | Κατάσταση κατεστραμμένου | Μη δανεισμός | Σύνολο δανεισμών | Ημερομηνία τελευταίας εμφάνισης | Η τιμή ισχύει από |
|---|---|---|---|---|---|---|---|---|---|---|---|---|---|---|
| Books | MC Athens Campus Library | MC Athens Campus Library | 9780000029478 | 6605 | 05/06/2025 | 629./8/9/0289 LEV | 1 | 05/06/2025 | 05/06/2025 |